Cuestiones de método: eventualización y problematización en Foucault. = Questions of method: eventualization and problematization in Foucault. Questoes de método: eventualizacao e problematizacao em Foucault /
Eventualización y problematización son dos categorías sugeridas por Foucault que han tenido el mismo eco que las de biopolítica, gubernamentalidad o genealogía. En este artículo se examinan ambas categoría en la obra de Foucault y se explicitan algunas de sus implicaciones en cuestiones de método. D...
Guardado en:
| Hovedforfatter: | |
|---|---|
| Format: | Texto |
| Fag: | |
| Tags: |
Tilføj Tag
Ingen Tags, Vær først til at tagge denne postø!
|
MARC
| LEADER | 00000 a a2200000 04500 | ||
|---|---|---|---|
| 001 | 18396 | ||
| 003 | |||
| 040 | |||
| 100 | |a Restrepo, Eduardo | ||
| 245 | |a Cuestiones de método: eventualización y problematización en Foucault. = |b Questions of method: eventualization and problematization in Foucault. Questoes de método: eventualizacao e problematizacao em Foucault / |c Eduardo Restrepo | ||
| 520 | |a Eventualización y problematización son dos categorías sugeridas por Foucault que han tenido el mismo eco que las de biopolítica, gubernamentalidad o genealogía. En este artículo se examinan ambas categoría en la obra de Foucault y se explicitan algunas de sus implicaciones en cuestiones de método. De particular relevancia son las críticas al presentismo histórico y a la indagación metafísica desde la eventualización y a los enfoques textualistas y mentalistas desde la problematización | ||
| 650 | |a FOUCAULT | ||
| 650 | |a ANALISIS HISTORICO | ||
| 650 | |a HISTORIA | ||
| 773 | |g número 8; páginas 111-132 | ||
| 999 | |c 25203 |d 25203 | ||
